00739nam a22002297a 4500003000500000005001700005008004100022010000900063011000900072035000900081040000900090100002000099245006400119260006800183300001000251490006500261500001100326650004400337650001700381710004600398830006500444CHAP20220329133329.0971013s1989 r 00010 d a5019 a5991 a5207 cCHAP00aKumar, Krishna. aConducting key informant interviews in developing countries aWashington, D.C. :bAgency for International Development,c1989 a37 p. aA.I.D. Program Design and evoluatin methodology reportv; 13 a55-15114aAgriculturaxPaíses subdesarrollados.14aEntrevistas.0 aAgencia para el Desarrollo Internacional.0 aA.I.D. Program Design and evoluatin methodology reportv; 13